000 02554nam a22002537a 4500
999 _c58060
_d58060
003 Ge_BSU
005 20221221135320.0
008 210603s2021 ge ||||| |||| 00| 0 geo d
041 _ageo
080 _a58 თ-15
100 _aთავაძე, ვიქტორია
_911951
245 _aაჭარაში გავრცელებული ნოზოკომიური ინფექციების გამომწვევი E.coli-ის იდენტიფიკაცია და ანტიბიოტიკორეზისტენტობის პროფილის შესწავლა /
_cვიქტორია თავაძე; სამეცნიერო ხელმძღვანელი ლეილა ახვლედიანი, რუსუდან ხუხუნაიშვილი; ბათუმის შოთა რუსთაველის სახელმწიფო უნივერსიტეტი. საბუნებისმეტყველო მეცნიერებათა და ჯანდაცვის ფაკულტეტი. ბიოლოგიის დეპარტამენტი.
264 _aბათუმი,
_c 2021.
300 _a121 გვ.
_bილ.
_c30 სმ.
504 _aბიბლიოგრ. გვ. 110--121
653 _aაჭარაში გავრცელებული ნოზოკომიური ინფექციების გამომწვევი E.coli-ის იდენტიფიკაცია და ანტიბიოტიკორეზისტენტობის პროფილის შესწავლა
653 _aდისერტაცია
653 _aბიოლოგია
653 _aმიკრობიოლოგია
700 _aახვლედიანი, ლეილა
_eსამეცნიერო ხელმძღვანელი
_99938
700 _aხუხუნაიშვილი, რუსუდან
_eსამეცნიერო ხელმძღვანელი
_93241
710 _aბათუმის შოთა რუსთაველის სახელმწიფო უნივერსიტეტი.
_bსაბუნებისმეტყველო მეცნიერებათა და ჯანდაცვის ფაკულტეტი. ბიოლოგიის დეპარტამენტი.
_910400
942 _2udc
_cDS